| 000 | 00970cam a22002531 4500 | ||
|---|---|---|---|
| 001 | sa 68001298 | ||
| 003 | DLC | ||
| 005 | 20260227112432.0 | ||
| 008 | 710903m19659999ii ab b 00010 eng | ||
| 010 | _asa 68001298 //r853 | ||
| 025 | _aPL480:I-E-6042 | ||
| 040 |
_aDLC _cDLC _dDLC |
||
| 043 | _aa-ii--- | ||
| 050 | 0 | 0 |
_aDS485.B493 _bA45 |
| 110 | 1 | 0 | _aWest Bengal (India) |
| 245 | 1 | 0 | _aWest Bengal district gazetteers. |
| 260 | 0 |
_aCalcutta, _bState editor, West Bengal District Gazetteers, _c1965-<1994 > |
|
| 300 |
_av. <1-14 > : _bill., maps. ; _c25 cm. |
||
| 440 | 0 | _aGazetteer of India | |
| 504 | _aIncludes bibliographies. | ||
| 505 | 1 | _a[1] West Dinajpur -- [2] Bānkurā -- [3] Māldā -- [4] Hooghly -- [5] Howrāh -- [6] Bīrbhūm -- Koch Bihār -- [8] Nadiā -- [9] Murshidabad -- [10] Darjiling -- [11] Jalpāiguri -- [12] Puruliya -- [13] 24-Parganas --[14] Barddhamān | |
| 651 | 0 | _aWest Bengal (India) | |
| 700 | 1 | 0 | _aSengupta, Jatindra Chandra. |
| 999 |
_c77862 _d77862 |
||